00358nam a2200133Ia 4500008004100000100005400041245003400095250001200129260002900141300000800170650002400178942000700202999001500209190216s9999||||xx |||||||||||||| ||und|| aSubhash Chandra Rastogi And Satish Kumar Agarwala 0aChemistry Of Natural Products a1st Ed. bJaiprakashnath&Co:c1978 a454 aChemistry-Chemistry cBK c2072d2072